Quaestiones quodlibetales

Bibliographic Details
Main Author: Duns Scotus, Johannes, asi 1265-1308 (Author)
Other Authors: Penketh, Thomas, zomrel 1487 (Editor), Herbort, Johann, činný 1475-1485 (Printer)
Format: Book
Language:Latin
PhysicalDescription:"A2"-"P8", 115 fólií 4°
Published: Impresse Uenetijs Joannis d Colo[n]i. Nicolai Je[n]son Anno salut 1481. 14. Nouembris

MARC

LEADER 00000nam a2200000 4500
001 vtls012025322
003 SK-MaSNL
005 20260301080457.0
008 210428s1481 it 001 0 lat
015 |a SNBHFA1481 
038 |a SNKHF 
040 |a SNK  |b slo  |c SNK  |e rda 
041 0 |a lat 
044 |a it  |c IT 
100 1 |a Duns Scotus, Johannes,  |d asi 1265-1308  |4 aut  |9 127417 
245 1 0 |a Quaestiones quodlibetales 
264 1 |a Impresse Uenetijs  |b Joannis d Colo[n]i. Nicolai Je[n]son  |c Anno salut 1481. 14. Nouembris 
264 3 |a Impresse Uenetijs  |b Joann s d Selgenstat  |c Anno salut 1481. 14. Nouembris 
300 |a "A2"-"P8", 115 fólií  |c 4° 
336 |a text  |b txt  |2 rdacontent 
337 |a bez média  |b n  |2 rdamedia 
338 |b zväzok  |b nc  |2 rdacarier 
510 4 |a Kotvan  |c 450 
510 4 |a Kotvan - Frimmová  |c 175 
510 4 |a ISTC  |c id00395000 
510 4 |a GW  |c 9070 
546 |a Latinčina 
561 |a Proveniencia: Tlač bola do roku 1975 umiestnená na Miesntom pracovisku MS v Jasove, kde mala signatúru Inc 47.  |5 SNK Inc C 113 
562 |a Defekt: prvé fólio chýba.  |5 SNK Inc C 113 
562 |a Iluminované iniciálky na niektorých miestách červenou alebo modrou farbou. Rovnakou farbou ojedinelé rubrikovanie.  |5 SNK Inc C 113 
563 |a Väzba: Baroková väzba, predná a zodná doska z hnedej hladkej kože. Chrbát tvorený zelenou kožou s názvovými štítkami.  |5 SNK Inc C 113 
700 1 |a Penketh, Thomas,  |d zomrel 1487  |4 edt  |9 402243 
700 1 |a Herbort, Johann,  |d činný 1475-1485  |4 prt  |9 402244 
700 1 |a Johann von Köln,  |d činný 1471-1491  |4 pbl  |9 402245 
700 1 |a Jenson, Nicolas,  |d asi 1420-1480  |4 pbl  |9 370090 
752 |a Taliansko  |d Benátky 
852 |a snk  |b Historické fondy  |p Inc C 113 
958 |a ONDV 
999 |c 653287  |d 655217 
952 |t Inc C 113  |a SNK  |b SNK  |c SNK_HF  |y PREZ  |7 0  |p 17A1397343  |o snkInc C 113  |i snk1976/1107  |8 5  |0 0  |1 0  |4 0  |d 2021-04-28  |f 1  |l 0  |r 2026-02-23 18:28:12  |w 2026-02-23